Charles Kuralt's America / (Record no. 1524)
[ view plain ]
| 000 -LEADER | |
|---|---|
| fixed length control field | 00664cam a2200205 4500 |
| 001 - CONTROL NUMBER | |
| control field | 1972 |
| 005 - DATE AND TIME OF LATEST TRANSACTION | |
| control field | 20181127164321.0 |
| 008 - FIXED-LENGTH DATA ELEMENTS--GENERAL INFORMATION | |
| fixed length control field | 950711s1995 nyua 000 0 eng |
| 010 ## - LIBRARY OF CONGRESS CONTROL NUMBER | |
| LC control number | 95034785 |
| 020 ## - INTERNATIONAL STANDARD BOOK NUMBER | |
| International Standard Book Number | 0399140832 (acid-free paper) |
| 043 ## - GEOGRAPHIC AREA CODE | |
| Geographic area code | n-us--- |
| 100 1# - MAIN ENTRY--PERSONAL NAME | |
| Personal name | Kuralt, Charles, |
| Dates associated with a name | 1934-1997. |
| 245 10 - TITLE STATEMENT | |
| Title | Charles Kuralt's America / |
| Statement of responsibility, etc. | Charles Kuralt. |
| 246 30 - VARYING FORM OF TITLE | |
| Title proper/short title | America |
| 260 ## - PUBLICATION, DISTRIBUTION, ETC. | |
| Place of publication, distribution, etc. | New York : |
| Name of publisher, distributor, etc. | G.P. Putnam's Sons, |
| Date of publication, distribution, etc. | c1995. |
| 300 ## - PHYSICAL DESCRIPTION | |
| Extent | xvii, 279 p. : |
| Other physical details | ill. ; |
| Dimensions | 24 cm. |
| 600 10 - SUBJECT ADDED ENTRY--PERSONAL NAME | |
| Personal name | Kuralt, Charles, |
| Dates associated with a name | 1934-1997 |
| General subdivision | Travel |
| Geographic subdivision | United States. |
| 651 #0 - SUBJECT ADDED ENTRY--GEOGRAPHIC NAME | |
| Geographic name | United States |
| General subdivision | Description and travel. |
| Geographic name | United States |
| General subdivision | Social life and customs |
| Chronological subdivision | 1971- |
| Withdrawn status | Lost status | Source of classification or shelving scheme | Damaged status | Not for loan | Collection code | Home library | Current library | Shelving location | Serial Enumeration / chronology | Inventory number | Total Checkouts | Full call number | Barcode | Date last seen | Price effective from | Koha item type |
|---|---|---|---|---|---|---|---|---|---|---|---|---|---|---|---|---|
| Dewey Decimal Classification | Main TEST | RTC Library | RTC Library | Main opac | 477 | 910.4 KUR | 30001343 | 27/11/2018 | 27/11/2018 | Main |